| 000 | 02461nam a2200433 i 4500 | ||
|---|---|---|---|
| 001 | ebr10801944 | ||
| 003 | CaPaEBR | ||
| 006 | m o d | ||
| 007 | cr cn||||||||| | ||
| 008 | 091130t20102010njua ob 000 0 eng|d | ||
| 020 | _z9781556428951 (hardcover : alk. paper) | ||
| 020 | _z1556428952 (hardcover : alk. paper) | ||
| 020 | _a9781617117404 (e-book) | ||
| 040 |
_aCaPaEBR _beng _erda _epn _cCaPaEBR |
||
| 035 | _a(OCoLC)874967901 | ||
| 050 | 1 | 4 |
_aRD561 _b.A26 2010eb |
| 082 | 0 | 4 |
_a617.4/7 _222 |
| 245 | 0 | 0 |
_aACL surgery : _bhow to get it right the first time and what to do if it fails / _ceditors, Bernard R. Bach, Jr, Matthew T. Provencher ; associate editors, Timothy S. Mologne, John-Paul H. Rue. |
| 264 | 1 |
_aThorofare, NJ : _bSLACK Incorporated, _c[2010] |
|
| 264 | 4 | _c�2010 | |
| 300 |
_a1 online resource (406 pages) : _billustrations (some color) |
||
| 336 |
_atext _2rdacontent |
||
| 337 |
_acomputer _2rdamedia |
||
| 338 |
_aonline resource _2rdacarrier |
||
| 504 | _aIncludes bibliographical references. | ||
| 505 | 0 | _asection I. Introduction : history, anatomy, and biomechanics -- section II. Preoperative evaluation : success with careful patient work-up -- section III. Principles of primary ACL reconstruction : how to get it right the first time -- section IV. The failed ACL surgery : why did it fail and what can I do about it? -- section V. The unstable ACL after primary reconstruction -- section VI. Complex problems in the surgical management of the failed ACL -- section VII. Rehabilitation after the failed ACL -- section VIII. Case studies. | |
| 588 | _aDescription based on print version record. | ||
| 590 | _aElectronic reproduction. Palo Alto, Calif. : ebrary, 2013. Available via World Wide Web. Access may be limited to ebrary affiliated libraries. | ||
| 650 | 0 |
_aAnterior cruciate ligament _xSurgery. |
|
| 650 | 0 | _aOrthopedic surgery. | |
| 655 | 0 | _aElectronic books. | |
| 700 | 1 | _aBach, Bernard R. | |
| 700 | 1 | _aProvencher, Matthew T. | |
| 700 | 1 | _aMologne, Timothy S. | |
| 700 | 1 | _aRue, John-Paul H. | |
| 776 | 0 | 8 |
_iPrint version: _tACL surgery : how to get it right the first time and what to do if it fails. _dThorofare, NJ : SLACK Incorporated, [2010] _hxvii, 383 pages ; 29 cm _z9781556428951 _w(OCoLC)ocn472720587 _w(DLC)10801944 |
| 797 | 2 | _aebrary. | |
| 856 | 4 | 0 |
_uhttp://site.ebrary.com/lib/rucke/Doc?id=10801944 _zAn electronic book accessible through the World Wide Web; click to view |
| 999 |
_c144383 _d144383 |
||